[Event "Lent Tournament 1"]
[Site "SchemingMind.com"]
[Date "2018.04.15"]
[Round "-"]
[White "Carl Lenox"]
[Black "Chessibelle"]
[Result "0-1"]
[WhiteCountry "CAN"]
[BlackCountry "ENG"]
[WhiteElo "1288"]
[WhiteRD "73"]
[BlackElo "1238"]
[BlackRD "58"]
[GameID "427076"]

1. e4 e5 2. Nf3 Nc6 3. Bb5 Nge7 4. O-O d6 5. a3 Bd7 6. Re1 g6 7. b4 Bg7 8. c3 O-O 9. d4 f5 10. d5 Nb8
11. Bd3 c6 12. c4 f4 13. Nc3 Bf6 14. Bb2 Qc8 15. a4 Na6 16. b5 Nb4 17. Qd2 h5 18. Be2 a6 19. a5 Kf7 20. b6 g5
21. Ba3 c5 22. Rad1 Rg8 23. Rb1 g4 24. g3 Ng6 25. Rbd1 gxf3 26. Bxf3 h4 27. g4 h3 28. Qe2 Nh4 29. Bh1 Rxg4+ 30. Kf1 Qg8
31. Qd2 Rg1+ 32. Ke2 Qg4+ 33. f3 Rg2+ 34. Bxg2 Qxg2#
0-1

[Event "Lent Tournament 1"]
[Site "SchemingMind.com"]
[Date "2018.04.15"]
[Round "-"]
[White "Chessibelle"]
[Black "Carl Lenox"]
[Result "0-1"]
[WhiteCountry "ENG"]
[BlackCountry "CAN"]
[WhiteElo "1193"]
[WhiteRD "58"]
[BlackElo "1281"]
[BlackRD "84"]
[GameID "427077"]

1. e4 c5 2. d3 e6 3. Nc3 a6 4. Nf3 b5 5. Be2 g6 6. O-O Bg7 7. Qd2 b4 8. b3 Bxc3 9. Qe3 Bxa1 10. Qxc5 a5
11. a3 d6 12. Qe3 e5 13. Ng5 Nf6 14. Bd2 O-O 15. Rxa1 Qc7 16. Rc1 Bb7 17. d4 bxa3 18. f3 Re8 19. Nh3 Nc6 20. d5 Nd4
21. Bd3 a2 22. c3 Nxb3 23. Rc2 a1=Q+ 24. Bf1 Qc4 25. Nf2 Qaxf1#
0-1

[Event "Lent Tournament 1"]
[Site "SchemingMind.com"]
[Date "2018.04.24"]
[Round "-"]
[White "Carl Lenox"]
[Black "Fowler"]
[Result "0-1"]
[WhiteCountry "CAN"]
[BlackCountry "SCO"]
[WhiteElo "1288"]
[WhiteRD "73"]
[BlackElo "1669"]
[BlackRD "106"]
[GameID "427530"]

1. e4 e5 2. Nf3 d6 3. d4 exd4 4. Nxd4 Nf6 5. Nc3 Be7 6. Be2 O-O 7. Nf5 Nc6 8. O-O d5 9. Nxe7+ Qxe7 10. exd5 Rd8
11. a3 Be6 12. Bf3 Qc5 13. Na4 Qb5 14. c3 Nxd5 15. Be2 Qa5 16. b4 Ndxb4 17. axb4 Qe5
0-1

[Event "Lent Tournament 1"]
[Site "SchemingMind.com"]
[Date "2018.04.23"]
[Round "-"]
[White "Fowler"]
[Black "Carl Lenox"]
[Result "1-0"]
[WhiteCountry "SCO"]
[BlackCountry "CAN"]
[WhiteElo "1669"]
[WhiteRD "106"]
[BlackElo "1288"]
[BlackRD "73"]
[GameID "427531"]

1. d4 g6 2. c4 Bg7 3. Nf3 Nf6 4. Nc3 O-O 5. e4 d6 6. Be2 Nbd7 7. O-O e5 8. d5 a6 9. Be3 c6 10. b4 Ng4
11. Bd2 Ndf6 12. Qc1 Qd7 13. h3 Nh6 14. Kh2 Re8 15. g4 Nhxg4+ 16. hxg4 Qxg4 17. Nxe5 Qh3+ 18. Kg1
1-0

[Event "Lent Tournament 1"]
[Site "SchemingMind.com"]
[Date "2018.04.24"]
[Round "-"]
[White "Chessibelle"]
[Black "Fowler"]
[Result "0-1"]
[WhiteCountry "ENG"]
[BlackCountry "SCO"]
[WhiteElo "1134"]
[WhiteRD "60"]
[BlackElo "1662"]
[BlackRD "114"]
[GameID "427532"]

1. e4 e5 2. Nf3 Nc6 3. d3 Nf6 4. Bd2 Bc5 5. h3 O-O 6. Be2 d6 7. O-O Be6 8. Nc3 Qe7 9. a3 a6 10. Na4 Ba7
11. c4 h6 12. b4 Qd7 13. Nc3 Nh7 14. g4 h5 15. Ng5 Nxg5 16. Kh2 Nh7 17. Rg1 Bxf2 18. Rg2 Bd4 19. Ra2 hxg4 20. Bxg4 g6
21. b5 axb5 22. Nxb5 Bc5 23. Nc3 Kg7 24. Bc1 Rh8 25. Qe1 Nf6 26. Bf3 Rxh3#
0-1

[Event "Lent Tournament 1"]
[Site "SchemingMind.com"]
[Date "2018.04.23"]
[Round "-"]
[White "Fowler"]
[Black "Chessibelle"]
[Result "1-0"]
[WhiteCountry "SCO"]
[BlackCountry "ENG"]
[WhiteElo "1682"]
[WhiteRD "124"]
[BlackElo "1128"]
[BlackRD "59"]
[GameID "427533"]

1. d4 d5 2. Nf3 Nf6 3. e3 Bd7 4. Bd3 g6 5. O-O e6 6. Nbd2 Nc6 7. a3 Be7 8. b4 a6 9. Bb2 O-O 10. Rc1 b5
11. Re1 Bd6 12. e4 e5 13. dxe5 Nxe5 14. Nxe5 Be6 15. exd5 Bxd5 16. Ng4 Nd7 17. Nh6#
1-0

[Event "Lent Tournament 1"]
[Site "SchemingMind.com"]
[Date "2018.04.26"]
[Round "-"]
[White "Chessibelle"]
[Black "Nirvana"]
[Result "1-0"]
[WhiteCountry "ENG"]
[BlackCountry "ALG"]
[WhiteElo "1238"]
[WhiteRD "58"]
[BlackElo "1146"]
[BlackRD "89"]
[GameID "427589"]

1. e4 d5 2. f3 dxe4 3. f4 Nf6 4. Nc3 e3 5. d3 Bg4 6. Nf3 e6 7. Bxe3 Bb4 8. Bd2 O-O 9. Be2 Nc6 10. a3 Bxc3
11. Bxc3 a6 12. b4 Bxf3 13. Bxf3 Nd4 14. Bxb7 Ra7 15. Bf3 Nxf3+ 16. Qxf3 Nd5 17. Bd4 Rb7 18. O-O c6 19. Qg3 g6 20. Qe1 Qc7
21. g3 Qd7 22. h3 f6 23. h4 e5 24. fxe5 fxe5 25. Qxe5 Qg7 26. Qe4 Qe7 27. Be5 Re8 28. Rae1 Qd7 29. c4 Nb6 30. Rf3 Nc8
31. d4 Nd6 32. Qe3 Nxc4 33. Qf4
1-0

[Event "Lent Tournament 1"]
[Site "SchemingMind.com"]
[Date "2018.04.26"]
[Round "-"]
[White "Nirvana"]
[Black "Chessibelle"]
[Result "0-1"]
[WhiteCountry "ALG"]
[BlackCountry "ENG"]
[WhiteElo "1146"]
[WhiteRD "89"]
[BlackElo "1238"]
[BlackRD "58"]
[GameID "427590"]

1. Nf3 e6 2. d4 Nf6 3. g3 d5 4. Bg2 Nc6 5. O-O Be7 6. Bg5 O-O 7. Nc3 Bd6 8. e3 Bd7 9. Bxf6 Qxf6 10. a3 a6
11. e4 b5 12. e5 Nxe5 13. dxe5 Bxe5 14. Nxe5 Qxe5 15. Re1 Qd6 16. Qf3 f5 17. Rad1 g6 18. Qd3 Rab8 19. Na2 c5 20. b3 Qe7
21. Bxd5 Rbd8 22. Bf3 e5 23. Qd5+ Be6 24. Qb7 Bd7 25. Bc6 Rb8 26. Qxd7 Qf6 27. Rd6 Qg7 28. Qxg7+ Kxg7 29. Rxe5 f4 30. Re7+ Kg8
31. Bd5+ Kh8 32. Rdd7 Rb6
0-1

[Event "Lent Tournament 1"]
[Site "SchemingMind.com"]
[Date "2018.04.26"]
[Round "-"]
[White "Nirvana"]
[Black "Fowler"]
[Result "0-1"]
[WhiteCountry "ALG"]
[BlackCountry "SCO"]
[WhiteElo "1144"]
[WhiteRD "94"]
[BlackElo "1672"]
[BlackRD "110"]
[GameID "427591"]

1. Nf3 d6 2. d4 Nf6 3. g3 g6 4. Bg2 Bg7 5. O-O O-O 6. Nc3 Nc6 7. a3 Bf5 8. e3 Re8 9. Bd2 Rb8 10. Re1 Qd7
11. Nh4 Bh3 12. d5 Ne5 13. e4 Nh5 14. Bxh3 Qxh3 15. Qe2 h6 16. f4 Ng4 17. Qg2 Qxg2+ 18. Nxg2 e6 19. h3 Ngf6
0-1

[Event "Lent Tournament 1"]
[Site "SchemingMind.com"]
[Date "2018.04.26"]
[Round "-"]
[White "Fowler"]
[Black "Nirvana"]
[Result "1-0"]
[WhiteCountry "SCO"]
[BlackCountry "ALG"]
[WhiteElo "1669"]
[WhiteRD "106"]
[BlackElo "1146"]
[BlackRD "89"]
[GameID "427592"]

1. d4 d5 2. Nf3 Nf6 3. e3 Bg4 4. Be2 Bxf3 5. Bxf3 e6 6. Nc3 Bb4 7. Bd2 O-O 8. O-O Nc6 9. Ne2 Bxd2 10. Qxd2 a6
11. Ng3 g6 12. Rfe1 e5 13. dxe5 Nxe5 14. Rad1 c6 15. Qb4 Qc7 16. Be2 a5 17. Qf4 Nfd7 18. Qh6 Qd8 19. Rd4 Qf6 20. Rh4 Qg7
21. Qxg7+
1-0

[Event "Lent Tournament 1"]
[Site "SchemingMind.com"]
[Date "2018.04.28"]
[Round "-"]
[White "Carl Lenox"]
[Black "John Hamer"]
[Result "0-1"]
[WhiteCountry "CAN"]
[BlackCountry "ENG"]
[WhiteElo "1288"]
[WhiteRD "73"]
[BlackElo "2025"]
[BlackRD "72"]
[GameID "427607"]

1. e4 e5 2. Nf3 Nc6 3. Bb5 a6 4. Ba4 d6 5. O-O Nf6 6. Re1 Bd7 7. Bb3 Be7 8. Ng5 O-O 9. c3 Rc8 10. d4 Na5
11. Bc2 Bg4 12. Qd2 h6 13. a3 hxg5 14. Qxg5 Be6 15. Nd2 Ng4
0-1

[Event "Lent Tournament 1"]
[Site "SchemingMind.com"]
[Date "2018.04.28"]
[Round "-"]
[White "John Hamer"]
[Black "Carl Lenox"]
[Result "1-0"]
[WhiteCountry "ENG"]
[BlackCountry "CAN"]
[WhiteElo "2008"]
[WhiteRD "71"]
[BlackElo "1281"]
[BlackRD "84"]
[GameID "427608"]

1. d4 g6 2. Nf3 Nf6 3. c4 Bg7 4. g3 O-O 5. Bg2 c6 6. O-O b5 7. b3 d6 8. Bb2 Re8 9. cxb5 cxb5 10. Ne5 d5
11. Nd2 Bb7 12. Rc1 a5 13. e3 b4 14. Qc2 Nbd7 15. Rfe1 e6 16. f4 Ng4 17. Nxg4
1-0

[Event "Lent Tournament 1"]
[Site "SchemingMind.com"]
[Date "2018.04.27"]
[Round "-"]
[White "John Hamer"]
[Black "Chessibelle"]
[Result "1-0"]
[WhiteCountry "ENG"]
[BlackCountry "ENG"]
[WhiteElo "2044"]
[WhiteRD "67"]
[BlackElo "1134"]
[BlackRD "60"]
[GameID "427609"]

1. f3 e5 2. Nh3 d6 3. d4 Nf6 4. Bg5 Be7 5. Nc3 Nc6 6. d5 Nb4 7. Bxf6 Bxf6 8. Nf2 c6 9. e4 Bd7 10. dxc6 Bxc6
11. a3 Na6 12. Ng4 Bg5 13. Nb5 Qb6 14. Nxd6+ Kf8 15. Nc4 Qc7 16. Ngxe5 Rd8 17. Bd3 Qe7 18. O-O b5 19. Nxc6 Qc5+ 20. Kh1 Qxc6
21. Ne5 Qc7 22. f4 Bf6 23. Qf3 g6 24. Bxb5 h5 25. Bxa6 Qb6 26. Bc4 Ke7 27. Nxf7 Qc7 28. e5 Bg7 29. Qe4 Rd7 30. e6 Rd6
31. Qxg6 Bxb2 32. Nxd6 Kxd6 33. Rad1+ Kc5 34. Rd5+ Kb6 35. Rb5+ Kc6 36. e7+ Kd7 37. Qe6+ Ke8 38. Bd5 Bxa3 39. Rb8+ Qxb8 40. Bc6#
1-0

[Event "Lent Tournament 1"]
[Site "SchemingMind.com"]
[Date "2018.04.27"]
[Round "-"]
[White "Chessibelle"]
[Black "John Hamer"]
[Result "0-1"]
[WhiteCountry "ENG"]
[BlackCountry "ENG"]
[WhiteElo "1134"]
[WhiteRD "60"]
[BlackElo "2044"]
[BlackRD "67"]
[GameID "427610"]

1. e4 e5 2. Nf3 Nc6 3. d3 Bc5 4. Be2 Nf6 5. O-O d6 6. Nc3 Be6 7. b3 O-O 8. h3 Rc8 9. Nh2 Nd4 10. Ng4 c6
11. a3 Bb6 12. Bb2 Nxe2+ 13. Nxe2 Nd7 14. c4 Re8 15. Qd2 Nc5 16. Rab1 f5 17. Nh2 fxe4 18. d4 Nxb3 19. Qe3 Bxc4 20. f3 exd4
21. Nxd4 exf3 22. Qxf3 Nxd4 23. Qf7+ Kh8 24. Rbd1 Ne2+ 25. Kh1 Ng3#
0-1

[Event "Lent Tournament 1"]
[Site "SchemingMind.com"]
[Date "2018.04.28"]
[Round "-"]
[White "John Hamer"]
[Black "Nirvana"]
[Result "1-0"]
[WhiteCountry "ENG"]
[BlackCountry "ALG"]
[WhiteElo "2025"]
[WhiteRD "72"]
[BlackElo "1146"]
[BlackRD "89"]
[GameID "427611"]

1. d4 d5 2. Nf3 Nf6 3. c4 Bg4 4. Ne5 Bh5 5. Qb3 b6 6. e3 e6 7. Bd3 Bd6 8. O-O O-O 9. Nc3 Bg6 10. Nxg6 fxg6
11. cxd5 exd5 12. Nxd5 Kh8 13. f4 c6 14. Nc3 Nbd7 15. Rd1 Qe7 16. Bd2 Nd5 17. Ne4 a5 18. a3 a4 19. Qc4 Rac8 20. Qxa4 b5
21. Qc2 N7f6 22. Rac1 Nxe4 23. Bxe4 Kg8 24. Qd3 Nf6 25. Bxc6 Rxc6 26. Rxc6 Ne4 27. Qb3+
1-0

[Event "Lent Tournament 1"]
[Site "SchemingMind.com"]
[Date "2018.04.28"]
[Round "-"]
[White "Nirvana"]
[Black "John Hamer"]
[Result "0-1"]
[WhiteCountry "ALG"]
[BlackCountry "ENG"]
[WhiteElo "1146"]
[WhiteRD "89"]
[BlackElo "2025"]
[BlackRD "72"]
[GameID "427612"]

1. c4 Nf6 2. Nc3 e6 3. d4 d5 4. Bg5 c6 5. e3 Be7 6. Nf3 Ne4 7. Bxe7 Qxe7 8. cxd5 exd5 9. Bd3 O-O 10. O-O Bg4
11. h3 Bh5 12. g4 Bg6 13. Bxe4 dxe4 14. Nd2 Nd7 15. Nc4 Rac8 16. Qb3 b5 17. Nd2 Rfd8 18. f4 exf3 19. Nxf3 Qxe3+ 20. Kg2 Re8
21. Rfe1 Qf4 22. Rxe8+ Rxe8 23. Qd1 h5 24. Qd2 Qc7 25. g5 b4 26. Ne2 Be4
0-1

[Event "Lent Tournament 1"]
[Site "SchemingMind.com"]
[Date "2018.04.27"]
[Round "-"]
[White "John Hamer"]
[Black "Fowler"]
[Result "1-0"]
[WhiteCountry "ENG"]
[BlackCountry "SCO"]
[WhiteElo "2044"]
[WhiteRD "67"]
[BlackElo "1662"]
[BlackRD "114"]
[GameID "427613"]

1. b3 Nf6 2. Bb2 d6 3. Nf3 e5 4. d3 Be7 5. c4 O-O 6. Nc3 Bg4 7. e4 Nc6 8. Be2 Nd4 9. O-O Nxe2+ 10. Qxe2 Qd7
11. Rad1 Nh5 12. Nd5 Bd8 13. h3 Be6 14. Nxe5
1-0

[Event "Lent Tournament 1"]
[Site "SchemingMind.com"]
[Date "2018.04.27"]
[Round "-"]
[White "Fowler"]
[Black "John Hamer"]
[Result "0-1"]
[WhiteCountry "SCO"]
[BlackCountry "ENG"]
[WhiteElo "1648"]
[WhiteRD "107"]
[BlackElo "2008"]
[BlackRD "71"]
[GameID "427614"]

1. d4 d5 2. Nf3 e6 3. e3 Nf6 4. Bd3 c5 5. c3 Nc6 6. O-O Bd6 7. Nbd2 O-O 8. Re1 e5 9. dxe5 Nxe5 10. Nxe5 Bxe5
11. Nf3 Bc7 12. Qc2 c4 13. Be2 Re8 14. Bd2 Qd6 15. Rab1 Be6 16. b3 Bg4 17. bxc4 Bxf3 18. Bxf3 dxc4 19. Rxb7 Red8 20. Rd1 Qxh2+
21. Kf1 Qe5 22. Rdb1 Bb6 23. R7xb6 axb6 24. Bxa8 Rxa8 25. Rxb6 Rd8 26. a4 Ne4 27. Bc1 Qh5 28. Ke1 Qh1+ 29. Ke2 Qxg2
0-1

[Event "Lent Tournament 1"]
[Site "SchemingMind.com"]
[Date "2018.04.28"]
[Round "-"]
[White "Carl Lenox"]
[Black "malcolm chugg"]
[Result "0-1"]
[WhiteCountry "CAN"]
[BlackCountry "WLS"]
[WhiteElo "1288"]
[WhiteRD "73"]
[BlackElo "1255"]
[BlackRD "55"]
[GameID "427624"]

1. e4 e5 2. Nf3 d6 3. d4 Bg4 4. d5 Nd7 5. Be2 Bh5 6. O-O Be7 7. a3 Ngf6 8. Nc3 a6 9. Nh4 Bxe2 10. Qxe2 Nc5
11. b4 Ncd7 12. Nf5 Bf8 13. Bb2 Nb6 14. Rfe1 Nfd7 15. Rad1 g6 16. Ng3 h5 17. Qe3 Nf6 18. Nce2 Nc4 19. Qc3 b5 20. Ba1 Rc8
21. Qd3 h4 22. Nf1 c6 23. Nc3 Nh5 24. Ne2 Qf6 25. c3 Bh6 26. f3 Nxa3 27. Nd2 Nf4 28. Nxf4 Bxf4 29. Bb2 Bxd2 30. Rxd2 Nc4
31. Rc2 Qd8 32. g4 hxg3 33. hxg3 Rh3 34. Kg2 Rh5 35. Ba1 Kd7 36. g4 Rh4 37. Ra2 Qh8 38. Kf1 Rh1+ 39. Ke2 Qh2+ 40. Kd1 Rxe1+
41. Kxe1 Qxa2 42. Qd1 Rh8
0-1

[Event "Lent Tournament 1"]
[Site "SchemingMind.com"]
[Date "2018.04.28"]
[Round "-"]
[White "malcolm chugg"]
[Black "Carl Lenox"]
[Result "0-1"]
[WhiteCountry "WLS"]
[BlackCountry "CAN"]
[WhiteElo "1255"]
[WhiteRD "55"]
[BlackElo "1288"]
[BlackRD "73"]
[GameID "427625"]

1. d4 g6 2. Nf3 Nf6 3. Bg5 Bg7 4. Nc3 O-O 5. e4 a6 6. Bxf6 Bxf6 7. e5 Bg7 8. Qd3 c6 9. O-O-O Bh6+ 10. Kb1 b5
11. Nh4 Re8 12. g3 Bb7 13. Bg2 d5 14. exd6 Qxd6 15. Ne4 Qc7 16. Nc5 Bc8 17. Bf3 e5 18. d5 Nd7 19. Nxd7 Rd8 20. Nf6+ Kg7
21. Ng4 Bg5 22. Ng2 c5 23. d6 Qb8 24. Bxa8 Qxa8 25. N4e3 c4 26. Qf1 Bb7 27. h4 Be7 28. dxe7 Re8 29. Rd7 Qc8 30. Rd2 Rxe7
31. Rh2 f5 32. Qh1 Qc5 33. Rd8 Qb4 34. Rb8 c3 35. b3 Qa3 36. Nd1 b4 37. h5 g5 38. h6+ Kg6 39. Qe1 Rd7 40. Nge3 Bf3
41. Rg8+ Kf6 42. Qf1 Rxd1+ 43. Nxd1 Bxd1 44. Rf8+ Ke7
0-1

[Event "Lent Tournament 1"]
[Site "SchemingMind.com"]
[Date "2018.04.27"]
[Round "-"]
[White "malcolm chugg"]
[Black "John Hamer"]
[Result "0-1"]
[WhiteCountry "WLS"]
[BlackCountry "ENG"]
[WhiteElo "1310"]
[WhiteRD "58"]
[BlackElo "2044"]
[BlackRD "67"]
[GameID "427626"]

1. e4 c6 2. d3 d5 3. Nc3 e5 4. Be2 Nf6 5. Bg5 Be7 6. Bxf6 Bxf6 7. Nf3 O-O 8. Qc1 d4 9. Nd1 Be6 10. c3 Qb6
11. Nd2 Nd7 12. O-O Nc5 13. b4 Nd7 14. Qb2 a5 15. a3 axb4 16. cxb4 Rac8 17. Qb1 Qc7 18. Bf3 Rfe8 19. g4 b5 20. Kh1 c5
21. Be2 c4 22. f4 exf4 23. dxc4 bxc4 24. Nf3 d3 25. Ra2 dxe2 26. Rg1 exd1=Q 27. Rxd1 c3 28. Qc2 Bxa2 29. Qxa2 c2 30. Rc1 Qc3
31. Ng1 Qd2 32. Rxc2 Rxc2 33. Qxc2 Qxc2
0-1

[Event "Lent Tournament 1"]
[Site "SchemingMind.com"]
[Date "2018.04.27"]
[Round "-"]
[White "John Hamer"]
[Black "malcolm chugg"]
[Result "1-0"]
[WhiteCountry "ENG"]
[BlackCountry "WLS"]
[WhiteElo "2044"]
[WhiteRD "67"]
[BlackElo "1310"]
[BlackRD "58"]
[GameID "427627"]

1. e4 e5 2. Nf3 d6 3. d4 Qe7 4. Nc3 f5 5. Bg5 Nf6 6. Nd5 Qd7 7. Bxf6 f4 8. dxe5 Qc6 9. Bb5 Qxb5 10. Nxc7+ Kd7
11. Nxa8 gxf6 12. Qd2 fxe5 13. c4 Qc6 14. Nxe5+ Ke6 15. Nxc6 bxc6 16. Nc7+ Kd7 17. Qd4 Rg8 18. Qxa7 Bg7 19. Nd5+ Ke6 20. Qe7#
1-0

[Event "Lent Tournament 1"]
[Site "SchemingMind.com"]
[Date "2018.04.27"]
[Round "-"]
[White "malcolm chugg"]
[Black "Chessibelle"]
[Result "1-0"]
[WhiteCountry "WLS"]
[BlackCountry "ENG"]
[WhiteElo "1310"]
[WhiteRD "58"]
[BlackElo "1134"]
[BlackRD "60"]
[GameID "427628"]

1. e4 e5 2. Nf3 Nc6 3. b3 d6 4. Bb5 Bd7 5. a3 Nf6 6. Nc3 Be7 7. d3 h6 8. d4 O-O 9. Bxc6 Bxc6 10. d5 Bd7
11. Qd3 c6 12. Bd2 a6 13. O-O-O b5 14. h3 g5 15. Ne1 Qa5 16. Kb2 b4 17. axb4 Qb6 18. f3 Qxb4 19. Ne2 Qb7 20. g4 c5
21. c4 a5 22. Ng2 a4 23. Ra1 Rfb8 24. Nc1 Qa7 25. Kc2 Rb6 26. Ra3 Rab8 27. Ne3 Ne8 28. Nf5 Bd8 29. Nxh6+ Kf8 30. Nf5 Qb7
31. Ba5 Ra6 32. Bxd8 Qb4 33. Ra2 axb3+ 34. Qxb3 Ba4 35. Rxa4 Rxa4 36. Bxg5 Qxc4+ 37. Qxc4 Rxc4+ 38. Kd3 Rcb4 39. Kd2 Rb2+ 40. Kd1 Nc7
41. Be7+ Ke8 42. Bg5 Rf2 43. Nh4 Rbb2 44. Be3 Rfc2 45. g5 Nb5 46. Nd3 Na3 47. Nxb2 Rxb2 48. Nf5 Rb1+ 49. Bc1 Nc4 50. Re1 Rb3
51. Ne3 Rd3+ 52. Kc2 Rd4 53. Nf5 Ne3+ 54. Nxe3 Ra4 55. Bb2 c4 56. Kc3 Kd7 57. h4 Kc7 58. h5 Ra8 59. h6 Rh8 60. Nf5 Kd7
61. Rg1 Rb8 62. h7 Kc7 63. Rh1
1-0

[Event "Lent Tournament 1"]
[Site "SchemingMind.com"]
[Date "2018.04.27"]
[Round "-"]
[White "Chessibelle"]
[Black "malcolm chugg"]
[Result "0-1"]
[WhiteCountry "ENG"]
[BlackCountry "WLS"]
[WhiteElo "1134"]
[WhiteRD "60"]
[BlackElo "1310"]
[BlackRD "58"]
[GameID "427629"]

1. e4 e5 2. Nf3 f6 3. Nc3 d6 4. Be2 c6 5. O-O d5 6. d4 Qd6 7. a3 Ne7 8. Be3 b6 9. b4 Be6 10. Na2 dxe4
11. Nd2 f5 12. Nc3 Ng6 13. g3 f4 14. gxf4 exf4 15. Ncxe4 Qc7 16. Nf3 fxe3 17. fxe3 h6 18. Kf2 Qe7 19. c3 Qf7 20. Rg1 Bb3
21. Qc1 Be6 22. Bd3 Nd7 23. c4 Be7 24. c5 b5 25. Ke2 Rf8 26. Rg3 h5 27. Qf1 Nh8 28. Qg2 Rg8 29. Rf1 Nf6 30. Nd6+ Bxd6
31. cxd6 a5 32. Ng5 Qd7 33. Nxe6 Qxe6 34. Qxc6+ Kf7 35. Bf5 Qa2+ 36. Kf3 Qd5+ 37. Be4 Qxc6 38. Bxc6 Ra7 39. Ke2 Ra6 40. Be4 Rxd6
41. Bg6+ Nxg6 42. h4 Rh8 43. bxa5 Ra6 44. Rg5 Rh6 45. Rxb5 Nxh4 46. Rb7+ Kg6 47. Rg1+ Kf5 48. Rf1+ Kg6 49. Kd3 Rxa5 50. Rg1+ Ng4
51. Rb6+ Kg5 52. Rb7 Rxa3+ 53. Ke4 Re6+ 54. Kd5 Rg6 55. Kc4 Rxe3 56. Rb5+ Kh6 57. Rf1 Rg5 58. Rb6+ Nf6 59. d5 Re4+ 60. Kc5 Rxd5+
61. Kc6 Rde5 62. Rd1 Re6+ 63. Rd6 Nf5 64. Kb5 R6e5+ 65. Ka6 Ra4+ 66. Kb7 Nxd6+ 67. Rxd6 Rb4+
0-1

[Event "Lent Tournament 1"]
[Site "SchemingMind.com"]
[Date "2018.04.28"]
[Round "-"]
[White "malcolm chugg"]
[Black "Nirvana"]
[Result "1-0"]
[WhiteCountry "WLS"]
[BlackCountry "ALG"]
[WhiteElo "1255"]
[WhiteRD "55"]
[BlackElo "1146"]
[BlackRD "89"]
[GameID "427630"]

1. f4 c5 2. g3 d5 3. Bg2 Nf6 4. d4 e6 5. e3 cxd4 6. exd4 Bb4+ 7. Bd2 Bxd2+ 8. Qxd2 Nc6 9. Na3 O-O 10. c3 h6
11. Nf3 a6 12. c4 Ne4 13. Qe3 g6 14. Ne5 Nb4 15. Bxe4 b5 16. Bg2 bxc4 17. Qc3 a5 18. Nb1 Bb7 19. a3 Nc6 20. O-O Re8
21. Nd2 Nxe5 22. fxe5 Kg7 23. Qf3 Rf8 24. Qf6+
1-0

[Event "Lent Tournament 1"]
[Site "SchemingMind.com"]
[Date "2018.04.28"]
[Round "-"]
[White "Nirvana"]
[Black "malcolm chugg"]
[Result "0-1"]
[WhiteCountry "ALG"]
[BlackCountry "WLS"]
[WhiteElo "1146"]
[WhiteRD "89"]
[BlackElo "1255"]
[BlackRD "55"]
[GameID "427631"]

1. Nf3 Nf6 2. d4 d5 3. g3 Bg4 4. Bg2 Nc6 5. O-O Bd7 6. Bg5 Ne4 7. Nc3 Nxc3 8. bxc3 h6 9. Bf4 g5 10. Bd2 g4
11. Ne1 Na5 12. Bxd5 c6 13. Bb3 Qc8 14. Nd3 Nxb3 15. cxb3 Bf5 16. Re1 Bxd3 17. exd3 Qd7 18. Bf4 Bg7 19. f3 h5 20. Qd2 O-O-O
21. Qe3 Bf6 22. Bg5 Bxg5 23. Qxg5 e6
0-1

[Event "Lent Tournament 1"]
[Site "SchemingMind.com"]
[Date "2018.04.27"]
[Round "-"]
[White "malcolm chugg"]
[Black "Fowler"]
[Result "0-1"]
[WhiteCountry "WLS"]
[BlackCountry "SCO"]
[WhiteElo "1310"]
[WhiteRD "58"]
[BlackElo "1662"]
[BlackRD "114"]
[GameID "427632"]

1. d4 Nf6 2. Nc3 g6 3. e4 Bg7 4. f3 d6 5. Bb5+ Nbd7 6. Bg5 O-O 7. Qe2 Re8 8. O-O-O c6 9. Bc4 b5 10. Bb3 a5
11. a3 Ba6 12. Qd2 c5 13. d5 c4 14. Ba2 b4 15. Nce2 bxa3 16. b3 Qb6 17. Qc3 Nxe4 18. Qxg7+ Kxg7 19. Bh4 Nec5 20. Rd4 cxb3
21. cxb3 Rec8 22. Nc3 Nxb3+ 23. Bxb3 Qxd4 24. Ne2 Bxe2 25. Re1 Qxc3+ 26. Kb1 Qb2#
0-1

[Event "Lent Tournament 1"]
[Site "SchemingMind.com"]
[Date "2018.04.27"]
[Round "-"]
[White "Fowler"]
[Black "malcolm chugg"]
[Result "1-0"]
[WhiteCountry "SCO"]
[BlackCountry "WLS"]
[WhiteElo "1662"]
[WhiteRD "114"]
[BlackElo "1310"]
[BlackRD "58"]
[GameID "427633"]

1. d4 d5 2. Nf3 Bg4 3. Nbd2 e6 4. e3 Nc6 5. c3 b6 6. Bd3 Bd6 7. O-O e5 8. dxe5 Nxe5 9. Bc2 c5 10. h3 Bd7
11. Re1 Nh6 12. e4 Bc6 13. Nxe5 Bxe5 14. exd5 Qc7 15. dxc6 O-O 16. Nf3 f6 17. Qd3 g6 18. Bxh6 Rfd8 19. Qe4 Re8 20. Qc4+ Qf7
21. Qd3 Rad8 22. Qxd8 Rxd8 23. Bb3 c4 24. Nxe5 fxe5 25. Bxc4 Qxc4 26. Rxe5 Qh4 27. Bg5 Qh5 28. g4 Qxh3 29. Bxd8 Qxg4+ 30. Kf1 Qc4+
31. Kg1 Qg4+ 32. Kf1 Qc4+ 33. Ke1 Qg4 34. Rd1 Qa4 35. Re8+ Kg7 36. Re7+ Kh6 37. c7 Qa6 38. Re8 Qc8 39. Bg5+ Kxg5 40. Rxc8
1-0

[Event "Lent Tournament 1"]
[Site "SchemingMind.com"]
[Date "2018.04.29"]
[Round "-"]
[White "Carl Lenox"]
[Black "Holty"]
[Result "0-1"]
[WhiteCountry "CAN"]
[BlackCountry "ENG"]
[WhiteElo "1281"]
[WhiteRD "84"]
[BlackElo "1739"]
[BlackRD "59"]
[GameID "427664"]

1. e4 e6 2. d4 d5 3. Nc3 Nf6 4. e5 Nfd7 5. Nf3 c5 6. dxc5 Nc6 7. b4 Nxb4 8. g3 Bxc5 9. Bg2 a6 10. O-O b5
11. Re1 Qb6 12. Re2 O-O
0-1

[Event "Lent Tournament 1"]
[Site "SchemingMind.com"]
[Date "2018.04.30"]
[Round "-"]
[White "Holty"]
[Black "Carl Lenox"]
[Result "1-0"]
[WhiteCountry "ENG"]
[BlackCountry "CAN"]
[WhiteElo "1739"]
[WhiteRD "59"]
[BlackElo "1281"]
[BlackRD "84"]
[GameID "427665"]

1. d4 g6 2. e4 a6 3. Nc3 Bg7 4. h4 c6 5. Nf3 b5 6. Bf4 Nf6 7. Bd3 O-O 8. Qd2 e6 9. Bh6 Ng4 10. Bxg7 Kxg7
11. O-O-O d5 12. e5 Nd7 13. h5
1-0

[Event "Lent Tournament 1"]
[Site "SchemingMind.com"]
[Date "2018.05.03"]
[Round "-"]
[White "malcolm chugg"]
[Black "Holty"]
[Result "0-1"]
[WhiteCountry "WLS"]
[BlackCountry "ENG"]
[WhiteElo "1310"]
[WhiteRD "58"]
[BlackElo "1767"]
[BlackRD "60"]
[GameID "427666"]

1. f4 d5 2. Nf3 g6 3. b3 Nf6 4. Bb2 Bg7 5. e3 O-O 6. Nc3 c5 7. Be2 Nc6 8. Bb5 Bd7 9. a3 Qc7 10. Ne2 a6
11. Bxc6 Bxc6 12. d3 Ng4 13. Bxg7 Kxg7 14. h3 Nxe3 15. Qd2 d4 16. c3 Nxg2+ 17. Kf2 Ne3 18. cxd4 Nf5 19. Qc3 Bxf3 20. dxc5+ f6
21. d4 Bxh1 22. Rxh1 Rad8 23. Rd1 Qc6 24. Qc4 e6 25. Rb1 Qe4 26. Re1 Qe3+ 27. Kf1 Qxh3+ 28. Kf2 Qh4+ 29. Ng3 Qxg3+ 30. Ke2 Nxd4+
31. Kf1 Qxf4+ 32. Kg2 Rfe8 33. Rf1 Qg4+ 34. Kh1 Qh3+ 35. Kg1 Nf3+ 36. Rxf3 Qxf3 37. Qf1 Rd1 38. Qxd1 Qxd1+ 39. Kf2 Qxb3 40. Ke2 Rd8
41. Kf2 Rd2+ 42. Ke1 Qd1#
0-1

[Event "Lent Tournament 1"]
[Site "SchemingMind.com"]
[Date "2018.05.03"]
[Round "-"]
[White "Holty"]
[Black "malcolm chugg"]
[Result "1-0"]
[WhiteCountry "ENG"]
[BlackCountry "WLS"]
[WhiteElo "1767"]
[WhiteRD "60"]
[BlackElo "1310"]
[BlackRD "58"]
[GameID "427667"]

1. d4 d5 2. e3 Nf6 3. c4 e6 4. Nf3 c6 5. Nc3 Bb4 6. Bd3 Bxc3+ 7. bxc3 O-O 8. O-O Re8 9. a4 Bd7 10. Ba3 Qa5
11. Bb4 Qc7 12. Qc2 Qd8 13. Ng5 g6 14. Nf3 Na6 15. Bd6 Nc7 16. Ne5 Bc8 17. Bxc7 Qxc7 18. a5 a6 19. c5 g5 20. g4 Qe7
21. f3 Qf8 22. Rf2 Qg7 23. Rg2 Re7 24. Qf2 Rb8= 25. h4 h6 26. hxg5 hxg5 27. Qg3 Ra8 28. Rh2 Nd7 29. Rh7 Qf6 30. Qh2 Ra7
31. Kg2 Nf8 32. Rh3 Rc7 33. Rh1 Qg7 34. Rh8+
1-0